000 004480000a22001810004500
003 MACL
005 20160128162124.0
008 160128b xxu||||| |||| 00| 0 eng d
040 _aMACL
_cmalc
041 _aEnglish
082 _a900/COH
100 _aCohen, Stephen P.
_926693
245 _aEmerging Power India
260 _bOxford University Press
_c2001
_aNew Delhi
350 _a495
650 _aHistory
_935031
942 _cBK
_k900/Cho
_2ddc
999 _c32008
_d32008